000 00545nam a22001217a 4500
008 110706t xxu||||| |||| 00| 0 eng d
010 _aHCROF146
245 _aHigh Court Revision Application No. 2 OF 1998 Clouds 10 LTD Vs Fida Hussein Dharamshi and 3 others
260 _c1998
500 _aBEFORE: THE HON. JUSTICE E.S. LUGAYIZI
999 _c4591
_d4591